|
|
|
|
| LEADER |
00000cas a2200000 a 4500 |
| 001 |
vtls009189191 |
| 003 |
SK-MaSNL |
| 005 |
20260228161129.0 |
| 008 |
080306d19191927xo wr p 0 b0hun |
| 040 |
|
|
|a SNK
|b slo
|c SNK
|
| 041 |
0 |
|
|a hun
|
| 044 |
|
|
|a xo
|c SK
|
| 072 |
|
7 |
|a 82-1/-8
|x Literatúra rôznych foriem a žánrov (o nej)
|2 konspekt
|
| 080 |
|
|
|a 82-7
|2 2011
|
| 080 |
|
|
|a 050
|2 2011
|
| 080 |
|
|
|a 070.487
|2 2011
|
| 080 |
|
|
|a (051)-048.55
|2 2011
|
| 245 |
0 |
0 |
|a Futár
|
| 260 |
|
|
|a Bratislava
|b Nánássy György
|c 1919-1927
|
| 300 |
|
|
|a 4 zv.
|c 22 cm
|
| 310 |
|
|
|a 1x týždenne
|
| 362 |
0 |
|
|a 1919-1927
|
| 650 |
0 |
7 |
|a satira
|2 SNKPH
|9 1764
|
| 650 |
0 |
7 |
|a humoristické časopisy
|2 SNKPH
|9 82233
|
| 655 |
|
7 |
|a špecializované časopisy
|2 SNKPH
|9 70509
|
| 910 |
|
|
|a snk
|
| 999 |
|
|
|c 4435
|d 6365
|
| 952 |
|
|
|0 0
|1 0
|3 rekatalogizácia
|4 0
|7 0
|8 5
|a SNK
|b SNK
|d 2008-03-06
|i snkČSF 41/57
|l 0
|o snkČSC 654/1/1919
|p 17A0579802
|r 2026-02-21 20:49:02
|t č. 3-4
|w 2026-02-21
|y PREZ
|
| 952 |
|
|
|0 0
|1 0
|4 0
|7 0
|a SNK
|b SNK
|d 2008-03-06
|i snkČSK 129/57
|l 0
|o snkČSC 654/2/1920
|p 17A0579805
|r 2026-02-21 20:49:02
|t č. 1-5, neúplné
|w 2026-02-21
|y PREZ
|z Chýba č. 3
|
| 952 |
|
|
|0 0
|1 0
|4 0
|7 0
|a SNK
|b SNK
|d 2008-03-06
|i snkČSK 332/57
|l 0
|o snkČSC 654/3/1926
|p 17A0579803
|r 2026-02-21 20:49:02
|t č. 1-6
|w 2026-02-21
|y PREZ
|
| 952 |
|
|
|0 0
|1 0
|4 0
|7 0
|a SNK
|b SNK
|d 2008-03-06
|i snkČSK 333/57
|l 0
|o snkČSC 654/4/1927
|p 17A0579804
|r 2026-02-21 20:49:02
|t č. 1-5, neúplné
|w 2026-02-21
|y PREZ
|z Chýba č. 3
|